[Event "22. Torneo de Otoño C.C.C. 2017"]
[Site "Colmenarejo ESP"]
[Date "2017.09.17"]
[Round "1.1"]
[White "Guerra Pantojo, Daniel"]
[Black "Perez De Villar Munoz, Eusebio"]
[Result "1/2-1/2"]
[WhiteElo "1390"]
[BlackElo "1999"]
[PlyCount "114"]
[EventDate "2017.09.17"]
[EventType "swiss"]
[EventRounds "7"]
[EventCountry "ESP"]
[SourceTitle "Ajedrez en Madrid"]
[Source "lmi"]
[SourceDate "2017.09.17"]

1. d4 e5 2. dxe5 d6 3. Nf3 h6 4. h3 Nd7 5. exd6 Bxd6 6. Nc3 Ngf6 7. e4 Qe7 8.
Bd3 O-O 9. O-O c6 10. a3 Ne5 11. Nxe5 Bxe5 12. Bd2 Be6 13. Kh1 Rad8 14. f4 Bb8
15. e5 Nd5 16. Nxd5 Bxd5 17. c4 Bxg2+ 18. Kxg2 Rxd3 19. Rf3 Rfd8 20. Rxd3 Rxd3
21. Qe2 Qd7 22. Be3 Bc7 23. Rc1 g5 24. Rc3 Rxc3 25. bxc3 Qf5 26. Qg4 Qxg4+ 27.
hxg4 gxf4 28. Bxf4 Kg7 29. Kf3 Kg6 30. e6 Bd8 31. exf7 Kxf7 32. Bxh6 Ke6 33.
Ke4 Bf6 34. Bd2 a5 35. c5 a4 36. Kd3 Kd5 37. Be3 Be7 38. c4+ Ke5 39. Kc3 Ke4
40. Bg1 Kf4 41. Kb4 Kxg4 42. Kxa4 Bd8 43. Bf2 Kf3 44. Be1 Ke4 45. Ba5 Bh4 46.
Kb3 Kd3 47. a4 Bf2 48. Bb6 Kd4 49. Ba7 Bh4 50. Bb6 Bg5 51. Ba7 Be7 52. Kb4 Kd3
53. Bb6 Kc2 54. Ba7 Bf6 55. Ka5 Bd8+ 56. Bb6 Be7 57. Ba7 Bd8+ 1/2-1/2

[Event "22. Torneo de Otoño C.C.C. 2017"]
[Site "Colmenarejo ESP"]
[Date "2017.09.17"]
[Round "1.2"]
[White "Lopez Perolio, Jorge"]
[Black "Perez Rodrigo, Alicia"]
[Result "1-0"]
[WhiteElo "1957"]
[BlackElo "1377"]
[PlyCount "75"]
[EventDate "2017.09.17"]
[EventType "swiss"]
[EventRounds "7"]
[EventCountry "ESP"]
[SourceTitle "Ajedrez en Madrid"]
[Source "lmi"]
[SourceDate "2017.09.17"]

1. e4 c5 2. d4 cxd4 3. c3 dxc3 4. Nxc3 Nc6 5. Bc4 e6 6. Nf3 Bb4 7. O-O Nge7 8.
Bg5 f6 9. Be3 O-O 10. Rc1 a6 11. a4 Ba5 12. Qb3 Ng6 13. Rfd1 Nce5 14. Nxe5 Nxe5
15. Bxe6+ Kh8 16. Bc5 Re8 17. Bf5 Rg8 18. f4 Nc6 19. Kh1 Qc7 20. Nd5 Qb8 21.
Qh3 h6 22. Nxf6 Rd8 23. Nh5 d6 24. Qg4 Rg8 25. Rxd6 Bxf5 26. Qxf5 Bc7 27. Rxh6+
gxh6 28. Qf6+ Kh7 29. Qf5+ Kh8 30. e5 Qe8 31. Qf6+ Kh7 32. Qf5+ Qg6 33. Nf6+
Kh8 34. Qh3 Rg7 35. f5 Qg5 36. Be3 Bxe5 37. Bxg5 Rxg5 38. Qxh6# 1-0

[Event "22. Torneo de Otoño C.C.C. 2017"]
[Site "Colmenarejo ESP"]
[Date "2017.09.17"]
[Round "1.3"]
[White "Rapaport, Andres Natalio"]
[Black "Serrano Martinez, Francisco Jose"]
[Result "0-1"]
[WhiteElo "1362"]
[BlackElo "1851"]
[PlyCount "95"]
[EventDate "2017.09.17"]
[EventType "swiss"]
[EventRounds "7"]
[EventCountry "ESP"]
[SourceTitle "Ajedrez en Madrid"]
[Source "lmi"]
[SourceDate "2017.09.17"]

1. d4 Nf6 2. Bf4 e6 3. Nf3 c5 4. e3 b6 5. Bd3 Bb7 6. Nbd2 Be7 7. h3 O-O 8. O-O
Nc6 9. c3 Rc8 10. Rc1 d6 11. Re1 e5 12. Bg5 Nd5 13. Bxe7 Qxe7 14. Ne4 f5 15.
Bc4 Na5 16. Ned2 Kh8 17. e4 fxe4 18. Bxd5 Bxd5 19. Nxe4 Bxa2 20. dxe5 dxe5 21.
Qd6 Qxd6 22. Nxd6 Rcd8 23. Ne4 Bd5 24. Nxe5 Bxe4 25. Rxe4 Rd2 26. f3 Nb3 27.
Rce1 Kg8 28. Nc6 Rd7 29. Ne7+ Kh8 30. Nf5 g6 31. Ne7 Rf6 32. Kh2 Nd2 33. R4e3
Nc4 34. R3e2 Rfd6 35. Nc8 Rd2 36. Re8+ Kg7 37. R1e6 Nxb2 38. Re4 Nd1 39. Rg4
Nxc3 40. Ne7 Kf7 41. Rh8 Kxe7 42. Rxh7+ Kd8 43. Rh8+ Kc7 44. Rxg6 Nd5 45. Ra8
Kb7 46. Re8 c4 47. Re1 c3 48. Rc1 0-1

[Event "22. Torneo de Otoño C.C.C. 2017"]
[Site "Colmenarejo ESP"]
[Date "2017.09.17"]
[Round "1.4"]
[White "Minguez Greciano, Iluminada"]
[Black "Olmedo Alvarez, Marcos"]
[Result "1-0"]
[WhiteElo "1836"]
[BlackElo "1360"]
[PlyCount "89"]
[EventDate "2017.09.17"]
[EventType "swiss"]
[EventRounds "7"]
[EventCountry "ESP"]
[SourceTitle "Ajedrez en Madrid"]
[Source "lmi"]
[SourceDate "2017.09.17"]

1. c4 c5 2. g3 Nc6 3. Bg2 g6 4. Nc3 Bg7 5. e3 Nf6 6. Nge2 O-O 7. O-O d6 8. d4
cxd4 9. exd4 e6 10. Be3 d5 11. b3 Re8 12. Rc1 Ng4 13. cxd5 Nxe3 14. fxe3 Nb4
15. dxe6 Bxe6 16. Nf4 Rb8 17. a3 Na6 18. Nxe6 Rxe6 19. Nd5 Bh6 20. Qf3 f5 21.
Rc3 Rc8 22. Rfc1 Rxc3 23. Rxc3 Qe8 24. Nf4 Bxf4 25. Qxf4 Qd7 26. Kf2 Kg7 27.
Bf1 Re4 28. Qf3 Nc7 29. Bd3 Nd5 30. Rc5 Rxe3 31. Qxd5 Qxd5 32. Rxd5 Rxd3 33.
Rd7+ Kh6 34. Rxb7 a6 35. Rb6 Rxd4 36. Rxa6 Rd2+ 37. Kg1 Kg5 38. Ra4 Rb2 39. Rb4
h5 40. a4 h4 41. gxh4+ Kh5 42. a5 g5 43. hxg5 Kxg5 44. a6 Ra2 45. Ra4 1-0

[Event "22. Torneo de Otoño C.C.C. 2017"]
[Site "Colmenarejo ESP"]
[Date "2017.09.17"]
[Round "1.5"]
[White "Olmedo Alvarez, Jesus"]
[Black "Garcia Diaz, Alejandro"]
[Result "0-1"]
[WhiteElo "1344"]
[BlackElo "1763"]
[PlyCount "66"]
[EventDate "2017.09.17"]
[EventType "swiss"]
[EventRounds "7"]
[EventCountry "ESP"]
[SourceTitle "Ajedrez en Madrid"]
[Source "lmi"]
[SourceDate "2017.09.17"]

1. e4 d5 2. exd5 Nf6 3. Bb5+ Bd7 4. Be2 Nxd5 5. c4 Nf4 6. Bf3 Nd3+ 7. Kf1 Nc6
8. a3 e5 9. Nc3 Bc5 10. Ne4 Bd4 11. Qb3 Nf4 12. g3 Ne6 13. d3 O-O 14. h4 f5 15.
Bg5 Nxg5 16. Nxg5 Bc5 17. Bd5+ Kh8 18. Qd1 Be8 19. Ne6 Qe7 20. b4 Bd4 21. Ra2
Rf6 22. Nxd4 Nxd4 23. Nf3 Bh5 24. Bxb7 Rb8 25. Bd5 c6 26. Bxc6 Rxc6 27. Qa4
Bxf3 28. Rg1 Qf7 29. b5 Nxb5 30. Ra1 Nd4 31. Ke1 Rb2 32. Rc1 Ne2 33. Qd1 Nxg1
0-1

[Event "22. Torneo de Otoño C.C.C. 2017"]
[Site "Colmenarejo ESP"]
[Date "2017.09.17"]
[Round "1.6"]
[White "Mataix Fernandez, Ricardo"]
[Black "Segura Lopez, Martin Johan"]
[Result "1-0"]
[WhiteElo "1762"]
[BlackElo "1344"]
[PlyCount "109"]
[EventDate "2017.09.17"]
[EventType "swiss"]
[EventRounds "7"]
[EventCountry "ESP"]
[SourceTitle "Ajedrez en Madrid"]
[Source "lmi"]
[SourceDate "2017.09.17"]

1. e4 e5 2. Nf3 d6 3. d4 Nc6 4. d5 Nce7 5. c4 Nf6 6. Nc3 Ng6 7. Bd3 Be7 8. O-O
O-O 9. Ne1 c6 10. Nc2 a6 11. Ne3 Bd7 12. Bd2 c5 13. a4 Nf4 14. Bc2 Qc8 15. a5
h6 16. Ba4 Rd8 17. Bxd7 Nxd7 18. Nf5 Re8 19. Bxf4 exf4 20. Qg4 g5 21. Nxh6+ Kg7
22. Nf5+ Kg8 23. Nxe7+ Rxe7 24. Qxg5+ Kf8 25. Qxf4 Ne5 26. b3 Qg4 27. Qxg4 Nxg4
28. h3 Ne5 29. Rad1 f6 30. f4 Ng6 31. Rde1 Rb8 32. Na4 Kg7 33. Nb2 b5 34. axb6
Rxb6 35. Re3 Kf7 36. g3 Reb7 37. Ref3 Rb8 38. Nd1 Rh8 39. Nf2 Rg8 40. Ng4 Rh8
41. Kg2 Ne7 42. Nh2 Ng6 43. e5 Rg8 44. e6+ Ke7 45. Kf2 f5 46. g4 Nh4 47. Rg3
Rgb8 48. Nf3 Ng6 49. gxf5 Nxf4 50. Nh4 a5 51. Ng6+ Nxg6 52. fxg6 a4 53. bxa4
Rb2+ 54. Kf3 Rf8+ 55. Kg4 1-0

[Event "22. Torneo de Otoño C.C.C. 2017"]
[Site "Colmenarejo ESP"]
[Date "2017.09.17"]
[Round "1.8"]
[White "Rodriguez Gomez, Jose"]
[Black "Peña Negueruela, Francisco"]
[Result "1-0"]
[WhiteElo "1585"]
[BlackElo "1286"]
[PlyCount "61"]
[EventDate "2017.09.17"]
[EventType "swiss"]
[EventRounds "7"]
[EventCountry "ESP"]
[SourceTitle "Ajedrez en Madrid"]
[Source "lmi"]
[SourceDate "2017.09.17"]

1. e4 e5 2. Nf3 f6 3. c3 Nc6 4. d4 exd4 5. cxd4 Bb4+ 6. Nc3 Nge7 7. a3 Bxc3+ 8.
bxc3 d5 9. Bd3 dxe4 10. Bxe4 Bg4 11. O-O f5 12. Bd3 a6 13. Re1 h6 14. Rb1 O-O
15. Rxb7 Nd5 16. Bc4 Na5 17. Bxd5+ Qxd5 18. Rxc7 Rac8 19. Bf4 Rxc7 20. Bxc7 Nc4
21. Qd3 a5 22. Ne5 Re8 23. h3 Bh5 24. Qxf5 Nxe5 25. Bxe5 Bf7 26. Qg4 g5 27. h4
Re6 28. hxg5 hxg5 29. Rb1 Rg6 30. Rb8+ Kh7 31. Rh8# 1-0

[Event "22. Torneo de Otoño C.C.C. 2017"]
[Site "Colmenarejo ESP"]
[Date "2017.09.17"]
[Round "1.9"]
[White "Bahillo Vallejo, Ignacio"]
[Black "Dominguez Coig, Alvaro"]
[Result "1-0"]
[WhiteElo "1263"]
[BlackElo "1575"]
[PlyCount "73"]
[EventDate "2017.09.17"]
[EventType "swiss"]
[EventRounds "7"]
[EventCountry "ESP"]
[SourceTitle "Ajedrez en Madrid"]
[Source "lmi"]
[SourceDate "2017.09.17"]

1. d4 Nf6 2. c4 e6 3. Nc3 b6 4. Bg5 Be7 5. Nf3 Bb7 6. e3 O-O 7. Bd3 d6 8. O-O
Nbd7 9. Bc2 Re8 10. Re1 d5 11. cxd5 exd5 12. a3 c5 13. b3 Rc8 14. Qe2 cxd4 15.
Nd1 dxe3 16. Nxe3 Rc3 17. Rac1 Qc7 18. Qd2 a6 19. Bxf6 Bxf6 20. Re2 Ne5 21.
Nxe5 Bxe5 22. Ng4 Rc5 23. f4 f5 24. Nxe5 g6 25. Nd3 Rxe2 26. Qxe2 Rc3 27. Qd2
d4 28. Bb1 Rxc1+ 29. Qxc1 Qd7 30. Ne5 Qd5 31. Qc4 Qxc4 32. Nxc4 Be4 33. Nd2 d3
34. Kf2 Kf7 35. g3 Ke6 36. Ke3 Kd5 37. Bxd3 1-0

[Event "22. Torneo de Otoño C.C.C. 2017"]
[Site "Colmenarejo ESP"]
[Date "2017.09.17"]
[Round "1.10"]
[White "Vazquez Rodriguez, Maria Elena"]
[Black "Fernandez Pello-San Roman, Javier"]
[Result "1-0"]
[WhiteElo "1561"]
[BlackElo "1251"]
[PlyCount "43"]
[EventDate "2017.09.17"]
[EventType "swiss"]
[EventRounds "7"]
[EventCountry "ESP"]
[SourceTitle "Ajedrez en Madrid"]
[Source "lmi"]
[SourceDate "2017.09.17"]

1. d4 Nf6 2. c4 e6 3. Nc3 d5 4. Bg5 Be7 5. e3 b6 6. cxd5 exd5 7. Bd3 Bb7 8. Nf3
Nc6 9. O-O Nb4 10. Rc1 Nxd3 11. Qxd3 a5 12. Rfe1 Ne4 13. Bf4 c5 14. Qb5+ Kf8
15. Ne5 Nxf2 16. Kxf2 Bh4+ 17. g3 Bf6 18. Nd7+ Kg8 19. Nxf6+ Qxf6 20. Kg1 Ba6
21. Qd7 h6 22. Nxd5 1-0

[Event "22. Torneo de Otoño C.C.C. 2017"]
[Site "Colmenarejo ESP"]
[Date "2017.09.17"]
[Round "1.11"]
[White "Anton Ortiz, Javier"]
[Black "Martin Andres, Carlos"]
[Result "0-1"]
[WhiteElo "1201"]
[BlackElo "1559"]
[PlyCount "52"]
[EventDate "2017.09.17"]
[EventType "swiss"]
[EventRounds "7"]
[EventCountry "ESP"]
[SourceTitle "Ajedrez en Madrid"]
[Source "lmi"]
[SourceDate "2017.09.17"]

1. e4 e6 2. d4 d5 3. e5 c5 4. Nf3 Qb6 5. Nc3 Nc6 6. Bb5 Bd7 7. Bxc6 bxc6 8. O-O
cxd4 9. Nxd4 c5 10. Nf3 Ne7 11. b3 Ng6 12. Re1 Be7 13. Bg5 Bxg5 14. Nxg5 O-O
15. Qg4 Rfd8 16. Qh3 h6 17. Nf3 Qb4 18. Na4 Bxa4 19. bxa4 Qxa4 20. g3 Rdb8 21.
Nh4 Nxh4 22. Qxh4 Rb4 23. Qh5 Rb2 24. a3 Qxc2 25. Rac1 Qxf2+ 26. Kh1 Qg2# 0-1

[Event "22. Torneo de Otoño C.C.C. 2017"]
[Site "Colmenarejo ESP"]
[Date "2017.09.17"]
[Round "1.12"]
[White "Olmedo Aznar, Eduardo"]
[Black "Fernandez Pello-San Roman, Aaron"]
[Result "1-0"]
[WhiteElo "1542"]
[BlackElo "1102"]
[PlyCount "37"]
[EventDate "2017.09.17"]
[EventType "swiss"]
[EventRounds "7"]
[EventCountry "ESP"]
[SourceTitle "Ajedrez en Madrid"]
[Source "lmi"]
[SourceDate "2017.09.17"]

1. e4 e5 2. Nf3 Nc6 3. d3 Nf6 4. g3 Bc5 5. Bg2 O-O 6. O-O d6 7. Nc3 Bg4 8. h3
Bh5 9. g4 Bg6 10. Bg5 Qe7 11. Nd5 Qd8 12. Nxf6+ gxf6 13. Bh6 Re8 14. h4 f5 15.
exf5 Nd4 16. fxg6 hxg6 17. Bg5 Qd7 18. Nxd4 Bxd4 19. c3 1-0

[Event "22. Torneo de Otoño C.C.C. 2017"]
[Site "Colmenarejo ESP"]
[Date "2017.09.24"]
[Round "2.1"]
[White "Martin Andres, Carlos"]
[Black "Lopez Perolio, Jorge"]
[Result "0-1"]
[WhiteElo "1559"]
[BlackElo "1957"]
[PlyCount "28"]
[EventDate "2017.09.17"]
[EventType "swiss"]
[EventRounds "7"]
[EventCountry "ESP"]
[SourceTitle "Ajedrez en Madrid"]
[Source "lmi"]
[SourceDate "2017.09.17"]

1. b3 e5 2. Bb2 Nc6 3. c4 Bc5 4. e3 Nf6 5. d3 O-O 6. g3 d5 7. cxd5 Qxd5 8. Qf3
Bb4+ 9. Nc3 Qa5 10. Kd2 Bg4 11. Qg2 Nd5 12. Rc1 Qxa2 13. Qxd5 Qxb2+ 14. Rc2
Bxc3# 0-1

[Event "22. Torneo de Otoño C.C.C. 2017"]
[Site "Colmenarejo ESP"]
[Date "2017.09.24"]
[Round "2.2"]
[White "Serrano Martinez, Francisco Jose"]
[Black "Olmedo Aznar, Eduardo"]
[Result "1/2-1/2"]
[WhiteElo "1851"]
[BlackElo "1542"]
[PlyCount "77"]
[EventDate "2017.09.17"]
[EventType "swiss"]
[EventRounds "7"]
[EventCountry "ESP"]
[SourceTitle "Ajedrez en Madrid"]
[Source "lmi"]
[SourceDate "2017.09.17"]

1. e4 d6 2. c4 e5 3. Nc3 c5 4. Nf3 Nc6 5. h3 f5 6. d3 Nf6 7. Bg5 Be7 8. Be2 O-O
9. O-O f4 10. a3 a6 11. b4 b6 12. bxc5 bxc5 13. Rb1 Bd7 14. Qc2 Nd4 15. Nxd4
cxd4 16. Bxf6 Bxf6 17. Nd5 Be6 18. Rfc1 Bg5 19. Bf3 Qa5 20. Qb3 Rab8 21. Qa2
Qc5 22. Rb2 Bxd5 23. exd5 Qc7 24. Rcb1 Rfc8 25. Rb3 Kf8 26. Qb2 Rxb3 27. Qxb3
Bd8 28. Bg4 Ra8 29. Qb7 Ra7 30. Qb8 Qxb8 31. Rxb8 Ke7 32. Kf1 Bc7 33. Rb3 Kd8
34. Ke2 Ra8 35. Be6 Rb8 36. Rb4 Rxb4 37. axb4 a5 38. bxa5 Bxa5 39. Kf3 1/2-1/2

[Event "22. Torneo de Otoño C.C.C. 2017"]
[Site "Colmenarejo ESP"]
[Date "2017.09.24"]
[Round "2.4"]
[White "Peña Hernandez, Francisco"]
[Black "Mataix Fernandez, Ricardo"]
[Result "1/2-1/2"]
[WhiteElo "1516"]
[BlackElo "1762"]
[PlyCount "109"]
[EventDate "2017.09.17"]
[EventType "swiss"]
[EventRounds "7"]
[EventCountry "ESP"]
[SourceTitle "Ajedrez en Madrid"]
[Source "lmi"]
[SourceDate "2017.09.17"]

1. d4 e6 2. c4 f5 3. Nf3 Nf6 4. Nc3 Be7 5. Bf4 O-O 6. h3 d6 7. e3 Nc6 8. Be2 a6
9. O-O Qe8 10. a3 h6 11. b4 Nd8 12. c5 Nf7 13. cxd6 cxd6 14. b5 Bd7 15. Qb3 g5
16. Bh2 h5 17. bxa6 bxa6 18. Bd3 Kg7 19. Nd2 Nh7 20. Qd1 g4 21. hxg4 hxg4 22.
f3 Nh6 23. Ne2 Nf6 24. e4 Nh5 25. Nc4 g3 26. Nxg3 Nxg3 27. Bxg3 f4 28. Bh2 Qh5
29. Qd2 e5 30. Nb6 Rad8 31. Nxd7 Rxd7 32. Bxa6 Ra7 33. Bb5 Bh4 34. dxe5 dxe5
35. g4 fxg3 36. Qg2 Qg5 37. Bxg3 Qxg3 38. Qxg3+ Bxg3 39. a4 Nf7 40. Rfd1 Rd8
41. Rxd8 Nxd8 42. Rd1 Ne6 43. Rd7+ Rxd7 44. Bxd7 Nc5 45. Bb5 Be1 46. Kf1 Ba5
47. Ke2 Kf6 48. Kf2 Kg5 49. Ke3 Bb6 50. Ke2 Kf4 51. Be8 Ne6 52. Kd3 Kxf3 53.
Bc6 Nc5+ 54. Kc4 Nxe4 55. Kd3 1/2-1/2

[Event "22. Torneo de Otoño C.C.C. 2017"]
[Site "Colmenarejo ESP"]
[Date "2017.09.24"]
[Round "2.5"]
[White "Juez Gastanaga, Aitor"]
[Black "Orta Vazquez, Mario"]
[Result "0-1"]
[WhiteElo "1718"]
[BlackElo "1424"]
[PlyCount "76"]
[EventDate "2017.09.17"]
[EventType "swiss"]
[EventRounds "7"]
[EventCountry "ESP"]
[SourceTitle "Ajedrez en Madrid"]
[Source "lmi"]
[SourceDate "2017.09.17"]

1. e4 c5 2. Nf3 Nc6 3. d4 cxd4 4. Nxd4 Nf6 5. Nc3 d6 6. Bc4 Nxd4 7. Qxd4 e5 8.
Qd3 Be7 9. Bg5 O-O 10. O-O a6 11. Rad1 Be6 12. Bxf6 Bxf6 13. Bxe6 fxe6 14. Qxd6
Qe7 15. Qxe7 Bxe7 16. Rd7 Bc5 17. Rfd1 Bxf2+ 18. Kh1 b5 19. Ne2 Bb6 20. R7d6
Rad8 21. Rxd8 Rxd8 22. Rxd8+ Bxd8 23. Kg1 Kf7 24. Kf2 g5 25. g4 Bb6+ 26. Kf3
Ke7 27. Nc1 Kd6 28. Nd3 a5 29. a3 Bc5 30. Nxc5 Kxc5 31. Ke3 Kc4 32. Ke2 Kd4 33.
Kf3 a4 34. Ke2 Kxe4 35. b3 b4 36. axb4 a3 37. c3 Kd5 38. c4+ Kc6 0-1

[Event "22. Torneo de Otoño C.C.C. 2017"]
[Site "Colmenarejo ESP"]
[Date "2017.09.24"]
[Round "2.6"]
[White "Alonso Saiz, Luis"]
[Black "Rodriguez Gomez, Jose"]
[Result "0-1"]
[WhiteElo "1508"]
[BlackElo "1585"]
[PlyCount "66"]
[EventDate "2017.09.17"]
[EventType "swiss"]
[EventRounds "7"]
[EventCountry "ESP"]
[SourceTitle "Ajedrez en Madrid"]
[Source "lmi"]
[SourceDate "2017.09.17"]

1. e4 e5 2. Nf3 Nc6 3. d4 exd4 4. Bc4 d6 5. Nxd4 Ne5 6. Bb3 Nf6 7. Nd2 Be7 8.
h3 O-O 9. O-O c5 10. N4f3 b5 11. a3 c4 12. Ba2 Bb7 13. Nxe5 dxe5 14. f3 Qb6+
15. Kh1 Nh5 16. Qe1 Rad8 17. Nb1 Rd6 18. Be3 Qc7 19. Nc3 a6 20. Qf2 Rg6 21.
Rad1 Ng3+ 22. Kg1 Nxf1 23. Kxf1 f5 24. Ne2 fxe4 25. Bb6 Qc8 26. Ng1 exf3 27. g4
e4 28. Be3 Rd8 29. Rxd8+ Qxd8 30. Bb1 Qd1+ 31. Qe1 Qxe1+ 32. Kxe1 Bh4+ 33. Kf1
Rd6 0-1

[Event "22. Torneo de Otoño C.C.C. 2017"]
[Site "Colmenarejo ESP"]
[Date "2017.09.24"]
[Round "2.8"]
[White "Perez De Villar Munoz, Eusebio"]
[Black "Bahillo Vallejo, Ignacio"]
[Result "1-0"]
[WhiteElo "1999"]
[BlackElo "1263"]
[PlyCount "49"]
[EventDate "2017.09.17"]
[EventType "swiss"]
[EventRounds "7"]
[EventCountry "ESP"]
[SourceTitle "Ajedrez en Madrid"]
[Source "lmi"]
[SourceDate "2017.09.17"]

1. e4 e5 2. Nf3 Nc6 3. d4 exd4 4. Bc4 Bc5 5. c3 dxc3 6. Bxf7+ Kxf7 7. Qd5+ Ke8
8. Qxc5 d6 9. Qxc3 Nf6 10. O-O Rf8 11. Re1 h6 12. e5 dxe5 13. Nxe5 Nxe5 14.
Rxe5+ Kf7 15. Qb3+ Kg6 16. Nc3 b6 17. Bf4 Re8 18. Rd1 Bd7 19. Nd5 Rxe5 20. Bxe5
Be6 21. Qc2+ Bf5 22. Qc6 Be4 23. Bxf6 gxf6 24. Nf4+ Kf5 25. Qe6+ 1-0

[Event "22. Torneo de Otoño C.C.C. 2017"]
[Site "Colmenarejo ESP"]
[Date "2017.09.24"]
[Round "2.9"]
[White "Garcia Fernandez, Jose Luis"]
[Black "Guerra Pantojo, Daniel"]
[Result "1/2-1/2"]
[WhiteElo "1759"]
[BlackElo "1390"]
[PlyCount "76"]
[EventDate "2017.09.17"]
[EventType "swiss"]
[EventRounds "7"]
[EventCountry "ESP"]
[SourceTitle "Ajedrez en Madrid"]
[Source "lmi"]
[SourceDate "2017.09.17"]

1. e4 c5 2. Nc3 Nc6 3. g3 d6 4. Bg2 Nf6 5. Nge2 g6 6. d3 Bg7 7. O-O O-O 8. h3
Rb8 9. Be3 a6 10. Qd2 b5 11. Bh6 e6 12. Bxg7 Kxg7 13. f4 Bb7 14. Qe3 b4 15. Nb1
Qe7 16. Nd2 e5 17. f5 h6 18. g4 g5 19. Nc4 Qd8 20. Rae1 Na5 21. Nd2 Nc6 22. Rd1
Nd4 23. Nxd4 cxd4 24. Qe2 Qc7 25. Rc1 Nd7 26. f6+ Nxf6 27. Rf2 Nd7 28. Nc4 f6
29. Rcf1 Nb6 30. b3 Nxc4 31. dxc4 a5 32. Qd3 Qd7 33. Qg3 Bc8 34. Bf3 Ra8 35.
Be2 h5 36. Rh2 h4 37. Qf3 a4 38. Bd3 axb3 1/2-1/2

[Event "22. Torneo de Otoño C.C.C. 2017"]
[Site "Colmenarejo ESP"]
[Date "2017.09.24"]
[Round "2.11"]
[White "Criado Riesgo, Manuel"]
[Black "Fernandez Pello-San Roman, Daniel"]
[Result "1-0"]
[WhiteElo "1646"]
[BlackElo "1307"]
[PlyCount "83"]
[EventDate "2017.09.17"]
[EventType "swiss"]
[EventRounds "7"]
[EventCountry "ESP"]
[SourceTitle "Ajedrez en Madrid"]
[Source "lmi"]
[SourceDate "2017.09.17"]

1. d4 Nf6 2. c4 d5 3. cxd5 Nxd5 4. e4 Nf6 5. Nc3 e6 6. e5 Nd5 7. Nf3 Bb4 8. Bd2
b6 9. Bb5+ Bd7 10. Bxd7+ Qxd7 11. O-O Bxc3 12. bxc3 O-O 13. Qc2 h6 14. Rad1 Nc6
15. a3 Nde7 16. Qe4 Qd5 17. Qg4 Ng6 18. Nh4 Nce7 19. Nxg6 Nxg6 20. h4 Kh7 21.
h5 Ne7 22. Bc1 Nf5 23. Rd3 Qc4 24. Rf3 Qd5 25. Qf4 Rac8 26. g4 Ne7 27. Rg3 a5
28. Kh2 Qc4 29. Rfg1 Qe2 30. g5 Nf5 31. Rg4 hxg5 32. Rxg5 Rg8 33. Rxf5 Rcf8 34.
Rxf7 Qxh5+ 35. Kg2 Qxf7 36. Rh1+ Qh5 37. Rxh5+ Kg6 38. Qg5+ Kf7 39. Rh4 g6 40.
Qf6+ Ke8 41. Qxe6+ Kd8 42. Bg5+ 1-0

[Event "22. Torneo de Otoño C.C.C. 2017"]
[Site "Colmenarejo ESP"]
[Date "2017.09.24"]
[Round "2.12"]
[White "Peña Negueruela, Francisco"]
[Black "Melcon Diez, Enrique"]
[Result "0-1"]
[WhiteElo "1286"]
[BlackElo "1634"]
[PlyCount "72"]
[EventDate "2017.09.17"]
[EventType "swiss"]
[EventRounds "7"]
[EventCountry "ESP"]
[SourceTitle "Ajedrez en Madrid"]
[Source "lmi"]
[SourceDate "2017.09.17"]

1. e4 c5 2. c4 g6 3. Nf3 Bg7 4. Nc3 Nc6 5. d3 e6 6. Bg5 Qa5 7. Qd2 Nge7 8. Bxe7
Nxe7 9. d4 cxd4 10. Nxd4 a6 11. Be2 O-O 12. O-O d5 13. Nb3 Qc7 14. cxd5 exd5
15. exd5 Rd8 16. Rad1 Bxc3 17. bxc3 Rxd5 18. Qc2 Bf5 19. Bd3 Rxd3 20. Rxd3 Qc4
21. Nc1 Rc8 22. Re1 Nd5 23. Re5 Nb4 24. Qd2 Nxd3 25. Nxd3 Qxd3 26. Qc1 Rxc3 27.
Qf1 Qxf1+ 28. Kxf1 Rc1+ 29. Ke2 Rc2+ 30. Kf3 Rxa2 31. g4 Ra3+ 32. Kf4 Ra4+ 33.
Kg5 Rxg4+ 34. Kf6 Re4 35. Rc5 h6 36. Rc7 Re6# 0-1

[Event "22. Torneo de Otoño C.C.C. 2017"]
[Site "Colmenarejo ESP"]
[Date "2017.09.24"]
[Round "2.13"]
[White "Dominguez Coig, Alvaro"]
[Black "Anton Ortiz, Javier"]
[Result "1-0"]
[WhiteElo "1575"]
[BlackElo "1201"]
[PlyCount "95"]
[EventDate "2017.09.17"]
[EventType "swiss"]
[EventRounds "7"]
[EventCountry "ESP"]
[SourceTitle "Ajedrez en Madrid"]
[Source "lmi"]
[SourceDate "2017.09.17"]

1. e4 e6 2. d4 d5 3. e5 c5 4. c3 Nc6 5. Nf3 g6 6. Bg5 Nge7 7. Bf6 Rg8 8. Qd2 h6
9. dxc5 g5 10. b4 g4 11. Nd4 Qc7 12. Na3 Bg7 13. Nab5 Qd8 14. Nd6+ Kf8 15.
Bxg7+ Rxg7 16. Qxh6 Nxd4 17. cxd4 Nf5 18. Nxf5 exf5 19. Qd6+ Ke8 20. Bb5+ Bd7
21. Qxd7+ Qxd7 22. Bxd7+ Kxd7 23. Kd2 f4 24. a4 a6 25. b5 axb5 26. axb5 Rxa1
27. Rxa1 Rg6 28. Ke2 Rh6 29. Rh1 f6 30. exf6 Rxf6 31. h4 gxh3 32. gxh3 Re6+ 33.
Kf3 Re4 34. Rd1 Kc7 35. h4 b6 36. c6 Kd6 37. h5 Re7 38. h6 Rh7 39. Rh1 Kc7 40.
Rh2 Kd6 41. Kxf4 Ke6 42. Kg5 Ra7 43. h7 Rg7+ 44. Kh6 Kf7 45. h8=Q Rg6+ 46. Kh7
Rg4 47. c7 Rg2 48. Rxg2 1-0

[Event "22. Torneo de Otoño C.C.C. 2017"]
[Site "Colmenarejo ESP"]
[Date "2017.09.24"]
[Round "2.16"]
[White "Fernandez Pello-San Roman, Aaron"]
[Black "Rapaport, Andres Natalio"]
[Result "1/2-1/2"]
[WhiteElo "1102"]
[BlackElo "1362"]
[PlyCount "78"]
[EventDate "2017.09.17"]
[EventType "swiss"]
[EventRounds "7"]
[EventCountry "ESP"]
[SourceTitle "Ajedrez en Madrid"]
[Source "lmi"]
[SourceDate "2017.09.17"]

1. e4 d6 2. Nf3 Nf6 3. Nc3 g6 4. Bc4 Bg7 5. O-O O-O 6. d3 Nbd7 7. Bg5 a6 8. Qd2
Nb6 9. Bb3 Bg4 10. Qf4 Qd7 11. h3 Nh5 12. Qxg4 Qxg4 13. hxg4 Nf6 14. Bxf6 Bxf6
15. d4 Nd7 16. Nd5 Rac8 17. Nxf6+ Nxf6 18. Rfe1 Nxg4 19. Nh2 Nf6 20. f3 Kg7 21.
Ng4 Nd7 22. e5 h5 23. Nh2 Rce8 24. c4 f6 25. f4 fxe5 26. dxe5 Rxf4 27. Ba4 b5
28. Bb3 Nc5 29. cxb5 axb5 30. Bd5 e6 31. Bc6 Ref8 32. Bxb5 Rb4 33. Bf1 Rxb2 34.
Re2 Rb4 35. Rf2 d5 36. Nf3 Rbf4 37. Be2 Ne4 38. Rff1 Ng3 39. Rf2 g5 1/2-1/2

[Event "22. Torneo de Otoño C.C.C. 2017"]
[Site "Colmenarejo ESP"]
[Date "2017.10.01"]
[Round "3.1"]
[White "Lopez Perolio, Jorge"]
[Black "Rodriguez Gomez, Jose"]
[Result "1-0"]
[WhiteElo "1957"]
[BlackElo "1585"]
[PlyCount "91"]
[EventDate "2017.09.17"]
[EventType "swiss"]
[EventRounds "7"]
[EventCountry "ESP"]
[SourceTitle "Ajedrez en Madrid"]
[Source "lmi"]
[SourceDate "2017.09.17"]

1. d4 d5 2. Bf4 e6 3. Nf3 Nf6 4. e3 Bd6 5. Ne5 O-O 6. Bd3 Nbd7 7. Nd2 c5 8. c3
Qc7 9. Ndf3 h6 10. h4 Ne4 11. g4 f6 12. Ng6 Rf7 13. Bxd6 Qxd6 14. Qc2 Nf8 15.
Nxf8 Qxf8 16. O-O-O c4 17. Bxe4 dxe4 18. Qxe4 f5 19. gxf5 Rxf5 20. Ne5 Rxf2 21.
Rdg1 Qf5 22. Qxf5 exf5 23. Rg6 f4 24. Rhg1 fxe3 25. Rxg7+ Kf8 26. Rg8+ Ke7 27.
R1g7+ Ke6 28. Re8+ Kd5 29. Rg1 e2 30. Re1 Rh2 31. Kd2 b5 32. Nf3 Rg2 33. R1xe2
Rxe2+ 34. Kxe2 Bb7 35. Re7 Bc6 36. Ne5 Rg8 37. Kf2 a5 38. Rh7 Rf8+ 39. Ke3 Rf6
40. Ra7 a4 41. Ra6 Re6 42. Rxc6 Rxc6 43. Nxc6 Kxc6 44. Kf4 Kd6 45. Kf5 b4 46.
a3 1-0